00373nam a2200133Ia 4500008004100000020001800041041000800059082001100067100001600078245009000094260002900184300000700213999001900220230822s2007 xx 000 0 und d a1-84000-263-8 aeng a747.73 aPHILLIPS B. aHOME OFFICE PLANNER (REUSABLE PEEL- OFF SKICKERS AND GRID TO DESIGN YOUR OWN OFFICE ) bOCTOPUS PUBLISHINGc2007 a96 c857919d857919